000 00542 a2200181 4500
999 _c2712
_d2712
020 _a9781847429148
050 _aJF1525.P6 PAL 2012
100 _aPalfrey, Colin
245 _aEvaluation for the real world:
_bThe impact of evidence in policy making
_cColin Palfrey, Paul Thomas and Ceri Phillips
264 _aBristol
_bPolicy Press
_c2012
300 _a248p.
500 _aEvaluation
650 _aEvaluation
650 _aDesigning evaluation
700 _aThomas, Paul
700 _aPhillips, Ceri
942 _2olc
_cBK
_h1525.P6
_iPAL
_kJF